zpět

Detail výsledku týmu

Bažantovna 001 Chodov, Praha

Datum a čas kvízu

36.5 Celkem bodů Celkový počet nahraných bodů na tomto kvízu bez doplňovacích otázek.
3. Pořadí na kvízu Konečné umístění týmu na tomto kvízu.

Zaznamenané odpovědi

# Otázka Odpověď Body Výsledky
1. Který český politik a lékař če... Bohuslav Svoboda 1
2. Po ulicích jednoho středoslove... Liptovský Mikuláš 0
3. Jak se nazývá soutěžní reality... Peče celá země 1
4. Některé provozovny jistého řet... McDonald's 1
5. Minulý týden se stala jedna ne... Jaromír Jágr 1
6. Téma začneme v Evropě. Seřaďte... 1A 2B 3D 4C 1
7. Vůdcem Kuby byl několik deseti... Raúl 0
8. Které z těchto zvířat nežije p... C 1
9. Jak se jmenuje nejlidnatější s... Indonésie, Jakarta 0
10. Jak se jmenuje ostrovní stát,... Papua Nová Guinea 0